| 000 | 00931cam a2200301 4500 | ||
|---|---|---|---|
| 001 | 2174878 | ||
| 003 | OSt | ||
| 005 | 20231214142602.0 | ||
| 008 | 710414s1971 nyua b 001 0 eng | ||
| 010 | _a 68012181 | ||
| 020 | _a9788123909141 | ||
| 020 | _a0393099245 | ||
| 040 |
_aDLC _cDLC _dICU _dDLC |
||
| 050 | 0 | 0 |
_aQC235 _b.F74 |
| 082 | 0 | 0 |
_a530.14 _bFRE/V |
| 100 | 1 |
_aFrench, A. P. _q(Anthony Philip), _d1920- _98634 |
|
| 245 | 1 | 0 |
_aVibrations and waves _c[by] A. P. French. |
| 260 |
_aNew York, _bNorton _c[1971] |
||
| 260 |
_aNew Delhi: _bCBS Publishers and Distributors, _c2003. |
||
| 300 |
_axi, 316 p. _billus. _c24 cm. |
||
| 350 | _a$4.75 | ||
| 440 | 4 | _aThe M.I.T. introductory physics series | |
| 504 | _aBibliography: p. 303-307. | ||
| 650 | 0 | _aVibration. | |
| 650 | 0 | _aWaves. | |
| 906 |
_a7 _bcbc _corignew _d2 _eocip _f19 _gy-gencatlg |
||
| 942 |
_2ddc _cBK _h530.14 _iFRE/V _k530.14 _mFRE/V |
||
| 999 |
_c44208 _d44208 |
||